Využitie solárnej energie vo výmenníkovej stanici systému CZT
Salvato in:
| Autore principale: | |
|---|---|
| Altri autori: | |
| Natura: | Manoscritto Libro |
| Lingua: | slovacco |
| Pubblicazione: |
2023
|
| Soggetti: | |
| Accesso online: | http://is.stuba.sk/zp/portal_zp.pl?podrobnosti=170458 |
| Tags: |
Nessun Tag, puoi essere il primo ad aggiungerne!!
|
MARC
| LEADER | 00000ntm a22000003a 4500 | ||
|---|---|---|---|
| 001 | stuzp93605 | ||
| 003 | SK-STU | ||
| 005 | 20240327090842.0 | ||
| 007 | ta | ||
| 008 | 150427s2015----xo-----f-mn---000-0-slo-d | ||
| 040 | |a STU |b slo | ||
| 041 | 0 | |a slo | |
| 100 | 1 | |a Nosenko, Vitalii |u 020060 |4 aut |U SjF Strojnícka fakulta |T SjF Ústav energetických strojov a zariadení |X 116872 |U J0060 |Y 805 |7 116872 | |
| 242 | 0 | 1 | |a Use of solar energy in the exchange station of the CZT system |y eng |
| 245 | 1 | 0 | |a Využitie solárnej energie vo výmenníkovej stanici systému CZT |
| 260 | |c 2023 | ||
| 650 | 4 | |a Slnečné žiarenie |2 slo | |
| 650 | 4 | |a Solárny kolektor |2 slo | |
| 650 | 4 | |a Solárny systém |2 slo | |
| 650 | 4 | |a Tepelný výkon |2 slo | |
| 650 | 4 | |a Tepelný akumulátor |2 slo | |
| 650 | 4 | |a Dodávka tepla |2 slo | |
| 650 | 4 | |a Výmenník tepla |2 slo | |
| 650 | 4 | |a Solar radiation |2 eng | |
| 650 | 4 | |a Solar collector |2 eng | |
| 650 | 4 | |a Solar system |2 eng | |
| 650 | 4 | |a Heat output |2 eng | |
| 650 | 4 | |a Heat accumulator |2 eng | |
| 650 | 4 | |a Heat supply |2 eng | |
| 650 | 4 | |a Heat exchanger |2 eng | |
| 700 | 1 | |a Bursíková, Lucia |u 020060 |k Z2 |4 ths |U SjF Strojnícka fakulta |T SjF Ústav energetických strojov a zariadení |X 2260 |U J0060 |Y 805 |7 A000002260 | |
| 856 | 4 | |u http://is.stuba.sk/zp/portal_zp.pl?podrobnosti=170458 | |
| 996 | |b 284J047347 |c J* 3567/DDP |l JJSK |s A |a 24 |w stuzp93605_0001 | ||